Modele Trabanta - Statystyki

Ogólne statystyki
  • Ten quiz został rozwiązany 4 razy
  • Średni wynik to 3 z 10
Statystyki odpowiedzi
Model % Poprawnych
1
75%
601
75%
P50
75%
601 S
25%
P60
25%
601 Kübelwagen
0%
601 Universal
0%
800 RS
0%
nT
0%
P610
0%
Nie znaleziono quizów pasujących do podanych kryteriów
Rozkład punktacji
Procent ludzi z każdym wynikiem
Percentyl według liczby udzielonych odpowiedzi
Twoja historia wyników
Nie rozwiązałeś tego quizu